| 000 | 00391nam a2200133Ia 4500 | ||
|---|---|---|---|
| 008 | 210430s9999 xx 000 0 und d | ||
| 020 | _a978-8123909455 | ||
| 082 | _a660.28 B5751 I | ||
| 100 | _aB.C.Bhattacharyya | ||
| 245 |
_aIntroduction to Chemical Equipment Design Mechanical Aspects / _cB.C.Bhattacharyya |
||
| 260 |
_aIndia _bSatish Kumar _c2009 |
||
| 300 | _a298p | ||
| 942 |
_cBK _2ddc |
||
| 999 |
_c564582 _d564582 |
||